000 00539nam a22002177a 4500
999 _c2746
_d2746
001 2746
003 BD-JhCC
005 20171106181022.0
008 171106s1965 us |||| |||| 000 0 eng d
035 _a(BD-JhCC)2746
040 _aBD-JhCC
_dBD-JhCC
041 _aeng
082 _a938
_bBRO 1965
100 _aBrown, Truesdell S.
245 _aAncient Greece /
_cTruesdell S. Brown
260 _aNew York:
_bThe Feee Press,
_c1965.
300 _a261 p. :
_c21 cm.
650 _aGreeke Civilization
942 _2ddc
_cBK